00291nam a2200133Ia 4500003000400000005001700004008004100021040001000062082001700072100001700089245002300106260002000129600000800149OSt20260518154448.0241002s9999 xx 000 0 und d cAACR2 a704.9423 NEW aNewton, Eric 4aThe Art of Mankind aNew York:c1967 aArt